| 000 | 00358nam a2200133Ia 4500 | ||
|---|---|---|---|
| 005 | 20260328104307.0 | ||
| 008 | 260328s9999||||xx |||||||||||||| ||und|| | ||
| 100 | _aGutiƩrrez, Elisa | ||
| 245 | 0 |
_aLiving Spaces the Architecture of fred thornton hollingsworth / _cElisa GutiƩrrez |
|
| 260 | _bBlue | ||
| 300 | _a183 p. | ||
| 650 | _aVIVIENDA | ||
| 942 | _cBK | ||
| 999 |
_c10823 _d10823 |
||